|
|
|
|
| LEADER |
00000nam0a2200000 4500 |
| 001 |
158044 |
| 005 |
20231031154224.0 |
| 010 |
|
|
|a 5020301353
|
| 020 |
|
|
|a RU
|b 92-3043
|
| 035 |
|
|
|a (RuTPU)RU\TPU\book\171423
|
| 090 |
|
|
|a 158044
|
| 100 |
|
|
|a 20090416d1991 k y0rusy5003 ca
|
| 101 |
0 |
|
|a rus
|
| 102 |
|
|
|a RU
|
| 105 |
|
|
|a a z 001zy
|
| 200 |
1 |
|
|a Биостратиграфия нижнего и среднего девона Джунгаро-Балхашской провинции
|f Академия наук СССР (АН СССР), Сибирское отделение (СО), Институт геологии и геофизики (ИГиГ); под ред. В. Н. Дубатолова; Г. А. Стукалиной
|
| 210 |
|
|
|a Новосибирск
|c Наука
|d 1991
|
| 215 |
|
|
|a 334 с.
|c ил.
|
| 320 |
|
|
|a Библиогр.: с. 246-249.
|
| 610 |
1 |
|
|a биостратиграфия
|
| 610 |
1 |
|
|a нижний девон
|
| 610 |
1 |
|
|a средний девон
|
| 610 |
1 |
|
|a Джунгаро-Балхашская провинция
|
| 610 |
1 |
|
|a палеонтологическое обоснование
|
| 610 |
1 |
|
|a мшанки
|
| 610 |
1 |
|
|a брахиоподы
|
| 610 |
1 |
|
|a ископаемые
|
| 610 |
1 |
|
|a растения
|
| 702 |
|
1 |
|a Дубатолов
|b В. Н.
|g Виктор Николаевич
|4 340
|
| 702 |
|
1 |
|a Стукалина
|b Г. А.
|g Галина Александровна
|4 340
|
| 712 |
0 |
2 |
|a Академия наук СССР (АН СССР)
|b Сибирское отделение (СО)
|b Институт геологии и геофизики (ИГиГ)
|c (Новосибирск)
|2 stltpush
|3 (RuTPU)RU\TPU\col\128
|
| 801 |
|
0 |
|a RU
|b RuMRKP
|c 19960705
|g psbo
|
| 801 |
|
1 |
|a RU
|b 63413507
|c 20090416
|g PSBO
|
| 801 |
|
2 |
|a RU
|b 63413507
|c 20090623
|g PSBO
|
| 942 |
|
|
|c BK
|